Statystyki dla Wszystkie współczesne państwa kontrolowane przez ludność turecką

Kliknij tutaj aby rozwiązać quiz!

Ogólne statystyki

  • Ten quiz został rozwiązany 185 razy
  • Średni wynik to 72 z 79

Odpowiedzi na mapie

Odpowiedzi skodowane kolorowo w zielono-czerwonej skali na mapie do tego quizu, zgodnie z poniższymi procentami.
 

Statystyki odpowiedzi

Państwo% Poprawnych
Rosja
98%
Niemcy
97%
Polska
97%
Chiny
96%
Indie
96%
Austria
95%
Białoruś
95%
Egipt
95%
Kazachstan
95%
Mongolia
95%
Rumunia
95%
Turcja
95%
Ukraina
95%
Albania
94%
Bośnia i Hercegowina
94%
Bułgaria
94%
Chorwacja
94%
Czechy
94%
Grecja
94%
Irak
94%
Kosowo
94%
Mołdawia
94%
Serbia
94%
Słowacja
94%
Węgry
94%
Algieria
93%
Arabia Saudyjska
93%
Czarnogóra
93%
Finlandia
93%
Iran
93%
Libia
93%
Macedonia Północna
93%
Maroko
93%
Tunezja
93%
Armenia
92%
Cypr
92%
Gruzja
92%
Indonezja
92%
Jemen
92%
Katar
92%
Oman
92%
Pakistan
92%
Syria
92%
Zjednoczone
Emiraty Arabskie
92%
Afganistan
91%
Azerbejdżan
91%
Izrael
91%
Jordania
91%
Sudan
91%
Kuwejt
90%
Nepal
90%
Tadżykistan
90%
Turkmenistan
90%
Uzbekistan
90%
Liban
89%
Słowenia
89%
Somalia
89%
Sri Lanka
89%
Bangladesz
88%
Bhutan
88%
Etiopia
88%
Kirgistan
88%
Mali
88%
Sudan Południowy
88%
Estonia
87%
Demokratyczna
Republika Konga
86%
Malezja
86%
Tajlandia
86%
Erytrea
85%
Kenia
85%
Mjanma
84%
Mauretania
83%
Czad
82%
Singapur
82%
Tanzania
82%
Dżibuti
78%
Uganda
78%
Burkina Faso
75%
Republika
Środkowoafrykańska
75%

Rozkład punktacji

Percentyl według liczby udzielonych odpowiedzi

Procent ludzi z każdym wynikiem

Twoja historia wyników

Nie rozwiązałeś tego quizu